| 000 | 00554nam a2200205Ia 4500 | ||
|---|---|---|---|
| 005 | 20230328103111.0 | ||
| 008 | 131103s9999 xx 000 0 und d | ||
| 020 |
_a8173324452 _cRs.350.00 |
||
| 040 | _aLoreto College | ||
| 041 | _aEnglish | ||
| 082 |
_a891.443 _bMUK |
||
| 100 | _aMukhopadhyay,Priyonath | ||
| 245 |
_aDarogar daptar _cPriyonath Mukhopadhyay;edited by Arun Mukhopadhyay |
||
| 260 |
_aKolkata _bPunascha _c2004 |
||
| 300 | _a712p | ||
| 650 | _aFiction-Bengali | ||
| 700 | _aMukhopadhyay,Arun,ed. | ||
| 850 | _aLCLIB | ||
| 942 | _cBK | ||
| 999 |
_c38626 _d89105 |
||